000 00640nam a2200277Ia 4500
005 20260324144728.0
008 008 260324s9999 xx 000 0 eng d
020 _a9781315825519
037 _aEBOOK
040 _aCRL
040 _beng
040 _cCRL
041 _2eng
041 _aeng
084 _qCRL
100 _aD. P. Brown; E. Fromm
_91220392
245 0 _aHypnotherapy and Hypnoanalysis
260 _bTaylor and Francis
260 _c1986
365 _a
365 _b220
856 _uhttp://www.taylorfrancis.com/books/9781315825519
942 _cEBOOK
999 _c1827373
_d1827373